Statistics for Desperate Housewives Characters

Click here to take the quiz!

General Stats

  • This quiz has been taken 1,544 times
  • The average score is 42 of 100

Answer Stats

HintAnswer% Correct
WestonBree
99%
ScavoLynette
95%
DelfinoMike
95%
DelfinoSusan
95%
ScavoTom
95%
SolisCarlos
93%
SolisGabrielle
93%
Van de KampAndrew
89%
Van de KampRex
88%
SolisJuanita
87%
ScavoPenny
85%
ScavoPreston
85%
Van de KampDanielle
84%
MayerJulie
84%
YoungPaul
84%
ScavoPorter
84%
WagnerMary
83%
BrittEdie
82%
ScavoParker
82%
DelfinoM.J.
80%
HodgeOrson
80%
YoungMary Alice
76%
MayerKarl
75%
SolisCelia
72%
YoungZach
71%
MayfairKatherine
70%
McCluskeyKaren
69%
ApplewhiteBetty
63%
RowlandJohn
62%
DashDavid
54%
Dash | ScavoPaige
54%
HuberMartha
53%
Huntington ScavoKayla
52%
BolenAngie
50%
Hunter | RowlandBob
50%
McDermottLee
50%
MayfairDylan
49%
TilmanFelicia
47%
PerryRenee
46%
FaulknerBen
45%
BolenDanny
42%
ApplewhiteMatthew
42%
ApplewhiteCaleb
41%
LangVictor
38%
GreenbergIda
37%
HodgeAlma
36%
VanceChuck
36%
YoungBeth
35%
WilliamsGeorge
35%
BolenNick
33%
Logan | ScavoPatrick
32%
MayfairAdam
31%
SolisAna
28%
KatzBenjamin
28%
HainsworthIan
27%
DashLila
26%
HuntingtonNora
26%
PerezAlejandro
25%
HodgeGloria
24%
FosterMelanie
23%
BigsbyCarolyn
22%
Carlson | HainsworthJane
22%
BremmerSophie
22%
PerryDoug
20%
Van de KampPhyllis
19%
BenderRoy
19%
WestonTrip
19%
BraddockJackson
18%
RowlandHelen
17%
AllenSam
17%
DavisWayne
17%
LindquistLydia
16%
ColettiRick
15%
McCannAustin
14%
WatsonKeith
14%
LindquistLucy
14%
GallagherRobin
14%
ClarkeMona
13%
WingfieldStella
13%
Hunter-McDermottJenny
11%
BigsbyHarvey
10%
KinskyMitzi
10%
TaylorNoah
10%
PrudyAddison
8%
GoldfineAlbert
8%
SimmsLillian
8%
MarquezLucia
8%
McLainCharles
6%
McLainTravis
6%
MasonEleanor
5%
MasonHenry
5%
FlickmanMorty
5%
WatsonRichard
5%
TaylorDierdre
4%
CarlsonChloe
3%
BennettMaxine
3%

Score Distribution

Percentile by Number Answered

Percent of People with Each Score

Your Score History

You have not taken this quiz